000 01122nam a2200313 a 4500
001 54401
003 AR-BaAGN
005 20250102142753.0
007 ta
008 s ag |||||r|||| ||| ||spa d
020 _a950585045X
040 _aAR-BaAGN
_bspa
_eaacr
110 2 _aAcademia Argentina de Letras
_98470
245 1 0 _aHomenaje a Juan Bautista Alberdi :
_b1810-1884 /
_cAcademia Argentina de Letras.
260 _aBuenos Aires :
_bAcademia Argentina de Letras,
_c1995.
300 _a97 páginas ;
_c22 cm.
336 _btxt
_2rdacontent
337 _bn
_2rdamedia
338 _bnc
_2rdacarrier
490 0 _aBiblioteca de la Academia Argentina de Letras. Homenajes ;
_vX
505 0 _aHomenaje a Juan Bautista Alberdi: palabras de apertura / Raúl H. Castagnino -- Alberdi como escritor literario / Alicia Jurado.
600 1 4 _aAlberdi, Juan Bautista,
_d1810-1884
_92925
650 4 _aHOMENAJE
_91745
650 4 _aLITERATURA ARGENTINA
_92273
650 4 _aCRÍTICA LITERARIA
_92075
700 1 _aCastagnino, Raúl Héctor,
_d1914-1999
_98530
700 1 _aJurado, Alicia
_98531
942 _cFOLLETO
_kAGN
_n0
999 _c54401
_d54401